LEADER 01478nas 2200481- 450 001 9910133589103321 005 20230222213018.0 011 $a2577-624X 035 $a(DE-599)ZDB2927299-3 035 $a(OCoLC)60627478 035 $a(CKB)110978977276176 035 $a(CONSER)--2018200874 035 $a(EXLCZ)99110978977276176 100 $a20050614b19272019 s-- a 101 0 $aeng 135 $aurun||||||||| 181 $ctxt$2rdacontent 182 $cc$2rdamedia 183 $acr$2rdacarrier 200 00$aBetter crops with plant food 210 1$aNew York :$cBetter Crops Publishing Corporation,$d-2019. 210 31$aPeachtree Corners, GA :$cInternational Plant Nutrition Instittue (IPNI) 215 $a1 online resource 300 $aRefereed/Peer-reviewed 311 $a0006-0089 531 0 $aBetter crop. plant food 606 $aAgriculture$vPeriodicals 606 $aFertilizers$vPeriodicals 606 $aAgriculture$2fast$3(OCoLC)fst00801355 606 $aFertilizers$2fast$3(OCoLC)fst00923266 608 $aPeriodicals.$2fast 608 $aPeriodicals.$2lcgft 615 0$aAgriculture 615 0$aFertilizers 615 7$aAgriculture. 615 7$aFertilizers. 676 $a338 712 02$aPotash & Phosphate Institute (Atlanta, Ga.) 712 02$aInternational Plant Nutrition Institute, 906 $aJOURNAL 912 $a9910133589103321 996 $aBetter crops with plant food$91985767 997 $aUNINA LEADER 01018oam 2200265z- 450 001 9910689717103321 005 20240604134038.0 035 $a(CKB)5860000000019736 035 $a(BIP)008522787 035 $a(EXLCZ)995860000000019736 100 $a20231017c2002uuuu -u- - 101 0 $aeng 200 00$aConfirmation hearings on federal appointments : hearings before the Committee on the Judiciary, United States Senate, One Hundred Seventh Congress, first session. - Part 1 210 $cU.S. G.P.O 215 $cill 311 $a0-16-068905-8 517 $aConfirmation hearings on federal appointments 610 $aJudges 610 $aCourts 610 $aLaw 712 02$aUnited States, Congress Senate Committee on the Judiciary Staff,$4oth 906 $aBOOK 912 $a9910689717103321 996 $aConfirmation hearings on federal appointments : hearings before the Committee on the Judiciary, United States Senate, One Hundred Seventh Congress, first session. - Part 1$93571964 997 $aUNINA